ბათუმის შოთა რუსთაველის სახელმწიფო უნივერსიტეტის ბიბლიოთეკა

ნარკვევები საქართველო–რუსეთის მეცნიერულ–პედაგოგიური ურთიერთობის ისტორიიდან : (ბიბ.ჩანაწერი № 38357)

000 -ლიდერი
ფიქსირებული სიგრძის საკონტროლო ველი 01457nam a2200229Ia 4500
001 - საკონტროლო ნომერი
საკონტროლო ველი 4367
003 - საკონტროლო ნომრის იდენტიფიკატორი
საკონტროლო ველი GE_BSU
005 - ბოლო ოპერაციის თარიღი და დრო
საკონტროლო ველი 20191004111800.0
008 - ფიქსირებული სიგრძის მონაცემთა ელემენტები - ზოგადი ინფორმაცია
ფიქსირებული სიგრძის საკონტროლო ველი 181216s1983||||ge |||||||||||||| ||geo||
040 ## - კატალოგიზაციის წყარო
Transcribing agency GE_BSU
041 ## - ენის კოდი
Language code of text/sound track or separate title geo
080 ## - უნივერსალური ათობითი კლასიფიკაციის ინდექსი
Universal Decimal Classification number 001.83(479.22+470)+37.01(479.22)+37.01(470) ს–28
100 ## - მთავარი ჩანაწერი - პიროვნების სახელი
Personal name სარიშვილი, ტიტე
9 (RLIN) 4498
245 ## - ცნობა სათაურის შესახებ
Title ნარკვევები საქართველო–რუსეთის მეცნიერულ–პედაგოგიური ურთიერთობის ისტორიიდან :
Remainder of title გეორგიევსკის ტრაქტატის 200 წლისთავის საიუბილეოდ /
Statement of responsibility, etc ტიტე სარიშვილი ; რედ. გ. ჯიბლაძე.
264 ## - წარმოების, გამოცემის, დისტრიბუციის და სხვა ცნობები
გამოცემის, წარმოების, დისტრიბუციის... ადგილი თბ. :
გამოცემის, წარმოების, დისტრიბუციის... სახელწოდება თბილ. უნ-ტის გამ-ბა და სტ.,
გამოცემის, წარმოების, დისტრიბუციის... თარიღი 1983.
300 ## - ფიზიკური აღწერა
Extent 181 გვ. ;
Other physical details 20 სმ.
504 ## - BIBLIOGRAPHY, ETC. NOTE
Bibliography, etc ბიბლიოგრ. ტექსტის შენიშვნებში.
653 ## - INDEX TERM--UNCONTROLLED
Uncontrolled term საქართველო-რუსეთის სამეცნიერო ურთიერთობის ისტორია
653 ## - INDEX TERM--UNCONTROLLED
Uncontrolled term საქართველო-რუსეთის პედაგოგიური ურთიერთობის ისტორია
700 ## - ADDED ENTRY--PERSONAL NAME
Personal name ჯიბლაძე, გ.
Relator term რედაქტორი
9 (RLIN) 4426
942 ## - ADDED ENTRY ELEMENTS (KOHA)
Koha item type წიგნი
Source of classification or shelving scheme
ეგზემპლარები
ჩამოწერის სტატუსი დაკარგული ეგზემპლარის სტატუსი კლასიფიკაციის წყარო ან თაროზე გაწყობის სქემა დაზიანების სტატუსი არ გაიცემა მუდმივი მდებარეობა (დაცვის ადგილი) ამჟამინდელი ადგილსამყოფელი თაროზე განთავსების ადგილი შეძენის თარიღი ღირებულება, შესყიდვის ნორმალური ფასი სრული შენახვის შიფრი შტრიხკოდი ბოლო ოპერაციის თარიღი ეგზემპლარის მიმდევრობითი ნომერი (კეტერი?) ფასის ძალაში შესვლის თარიღი ეგზემპლარის სახეობა საჯარო შენიშვნა
          ბათუმის შოთა რუსთაველის სახელმწიფო უნივერსიტეტის მთავარი ბიბლიოთეკა ბათუმის შოთა რუსთაველის სახელმწიფო უნივერსიტეტის მთავარი ბიბლიოთეკა წიგნსაცავი 2018-12-17 2.00 001.83(479.22+470)+37.01(479.22)+37.01(470) ს–28 5881 2018-12-17 5881 2018-12-17 წიგნი 2 ლ.